| 000 | 00604nam a2200217Ia 4500 | ||
|---|---|---|---|
| 003 | OSt | ||
| 005 | 20251210143314.0 | ||
| 008 | 210716s1996 xx 000 0 und d | ||
| 020 | _a8120311086 | ||
| 040 | _cAIMIT LIBRARY | ||
| 041 | _aeng | ||
| 082 |
_a006.37 _23 _bGURN |
||
| 100 |
_aGurewich, Nathan. _9248668 |
||
| 245 |
_aTeach yourself visual basic 4: in 21 days. _bIn 21 days. |
||
| 250 | _a2 | ||
| 260 |
_aNew Delhi _bPrentice Hall of India PVt Ltd _c1996 |
||
| 300 | _axxix,895 | ||
| 650 |
_aVisual Basic _9248669 |
||
| 700 |
_aGurewich, Ori. _9248670 |
||
| 942 |
_2ddc _cBK _e3rd _k006.37 GURN |
||
| 999 |
_c183033 _d183033 |
||